Islam v Rossii /

Saved in:
Bibliographic Details
Main Author: Alov, A. A.
Other Authors: Vladimirov, N. G., Kamenet︠s︡, A. V., Li︠a︡lina, G. S.
Format: Book
Language:Russian
Published: Moskva : In-t Nasledii︠a︡", 1996.
Series:Religioznai︠a︡ zhiznʹ i kulʹturnoe nasledie Rossii.
Subjects:
Tags: Add Tag
No Tags, Be the first to tag this record!
LEADER 01234cam a2200289Ia 4500
001 007724483-4
005 20020606104010.5
008 970513s1996 ru b 000 0 rus d
020 |a 5864430242 
035 0 |a ocm36897819 
040 |a NYP  |c NYP  |d IXA  |d HLS 
090 |a BP63.R8  |b A46 1996 
100 1 |a Alov, A. A. 
245 1 0 |a Islam v Rossii /  |c [A.A. Alov, N.G. Vladimirov ; redakt︠s︡ionnai︠a︡ kollegii︠a︡, A.V. Kamenet︠s︡ (otvetstvennyĭ redaktor), G.S. Li︠a︡lina]. 
260 |a Moskva :  |b In-t Nasledii︠a︡",  |c 1996. 
300 |a 119 p. ;  |c 20 cm. 
490 1 |a Religioznai︠a︡ zhiznʹ i kulʹturnoe nasledie Rossii 
500 |a At head of title: Ministerstvo kult́ury Rossiĭskoĭ Federat︠s︡ii. Rossiĭskai︠a︡ Akademii︠a︡ nauk. Rossiĭskiĭ NII kult́urnogo i prirodnogo nasledii︠a︡. 
504 |a Includes bibliographical references (p. 112-119). 
650 0 |a Islam  |z Russia (Federation)  |x History. 
650 0 |a Muslims  |z Russia (Federation)  |x History. 
700 1 |a Vladimirov, N. G. 
700 1 |a Kamenet︠s︡, A. V. 
700 1 |a Li︠a︡lina, G. S.  |q (Galina Sergeevna) 
830 0 |a Religioznai︠a︡ zhiznʹ i kulʹturnoe nasledie Rossii. 
988 |a 20020608 
906 |0 OCLC